Países andinos

Uloženo v:
Podrobná bibliografie
Médium: Text
Vydáno: Costa Rica: IFE. FCE
Témata:
Tagy: Přidat tag
Žádné tagy, Buďte první, kdo vytvoří štítek k tomuto záznamu!

MARC

LEADER 00000 a a2200000 04500
001 30492
003
040 |a CRAI/IIS  |c CRAI/IIS 
090 |a 195209  
245 |a Países andinos  
260 |a Costa Rica:   |b IFE. FCE  
300 |a 676 p.; vol. 2  
650 |a PARTIDOS POLITICOS  
650 |a HISTORIA POLITICA  
650 |a ESTRUCTURA ORGANIZACIONAL  
650 |a IDEOLOGIAS POLITICAS  
650 |a COMPORTAMIENTO POLITICO  
650 |a CONFLICTOS POLITICOS  
650 |a GUERRA CIVIL  
650 |a ELECCIONES  
999 |c 3921  |d 3921